000 00214nam a2200121Ia 4500
100 _a#N/A
650 _aComputer
942 _cBK
654 _aDVD-MANDRIVA
245 _aLFY
260 _b#N/A
546 _aENGLISH
999 _c18641
_d18641